Born in Texas Quiz Stats

 Plays Quiz Updated Dec 26, 2012

Also try: Texas Cities
Challenge
Share
Tweet
Score 0/30 Timer 04:00
0 Plays Today
% Correct
Steve Martin
85.9%
Lance Armstrong
84.8%
Owen and Luke Wilson
84.4%
Woody Harrelson
77.7%
Willie Nelson
75.9%
Jamie Foxx
75.4%
Beyoncé Knowles
74.3%
Farrah Fawcett
71.4%
Usher
71.3%
Jessica Simpson
69.6%
Renée Zellweger
63.9%
Jennifer Love Hewitt
62.6%
Dwight D. Eisenhower
61.4%
Gary Busey
55.4%
Hilary Duff
53.5%
% Correct
Jennifer Garner
52.9%
'Stone Cold' Steve Austin
52%
Forest Whitaker
51.3%
Carol Burnett
50.4%
Meat Loaf
50%
Anna Nicole Smith
48.2%
Kelly Clarkson
46.9%
Ethan Hawke
46%
Dennis and Randy Quaid
41%
Jim Parsons
39.4%
Bill Paxton
36.1%
Rip Torn
33.7%
Matt Stone
25.6%
Clint Dempsey
21.5%
Sandy Duncan
19.1%

You're not logged in!

Compare scores with friends on all Sporcle quizzes.
Join for Free
OR
Log In

You Might Also Like...

Show Comments

Extras

Top Quizzes Today


Score Distribution

Your Account Isn't Verified!

In order to create a playlist on Sporcle, you need to verify the email address you used during registration. Go to your Sporcle Settings to finish the process.

Report this User

Report this user for behavior that violates our Community Guidelines.

Details: